Tea for all (Record no. 70554)

MARC details
000 -LEADER
fixed length control field 00713cam a2200181 4500
001 - CONTROL NUMBER
control field X118508
008 - FIXED-LENGTH DATA ELEMENTS--GENERAL INFORMATION
fixed length control field 020624n2002 000 0 eng u
035 ## - SYSTEM CONTROL NUMBER
System control number (Sirsi) u118508
100 ## - MAIN ENTRY--PERSONAL NAME
Personal name Hoult, P
245 ## - TITLE STATEMENT
Title Tea for all
260 ## - PUBLICATION, DISTRIBUTION, ETC.
Date of publication, distribution, etc. 2002
490 ## - SERIES STATEMENT
Series statement Law Society's Gazette
Volume/sequential designation 99(17) 25 April 2002, 24-25(2)
520 ## - SUMMARY, ETC.
Summary, etc. Argues that World Trade Organisation (WTO) may not be able to resolve trade disputes. Dispute between EU and President Bush over steel imports has drawn attention to untested WTO rules, and highlighted their weaknesses, such as over-complexity and constructive ambiguity.
650 ## - SUBJECT ADDED ENTRY--TOPICAL TERM
Topical term or geographic name entry element WORLD TRADE ORGANISATION
650 ## - SUBJECT ADDED ENTRY--TOPICAL TERM
Topical term or geographic name entry element WTO
690 ## - LOCAL SUBJECT ADDED ENTRY--TOPICAL TERM (OCLC, RLIN)
Topical term or geographic name as entry element Dispute resolution
9 (RLIN) 6236
942 ## - ADDED ENTRY ELEMENTS (KOHA)
Suppress in OPAC 0
Holdings
Withdrawn status Lost status Source of classification or shelving scheme Damaged status Not for loan Home library Current library Shelving location Date acquired Total Checkouts Barcode Date last seen Copy number Price effective from Koha item type
    Dewey Decimal Classification     London London Journal article 24/06/2002   118508-1001 06/08/2019 1 06/08/2019 Journal article